| 000 | 01161cam a2200289 a 4500 | ||
|---|---|---|---|
| 001 | 4047400 | ||
| 003 | OSt | ||
| 005 | 20240529172313.0 | ||
| 008 | 990120s1999 enka b 001 0 eng | ||
| 010 | _a 99012280 | ||
| 020 | _a0521582547 | ||
| 040 |
_aDLC _cDLC _dDLC |
||
| 050 | 0 | 0 |
_aQC175.16.P5 _bS23 1999 |
| 082 | 0 | 0 |
_a530.4 SAC 1999 _221 |
| 100 | 1 |
_aSachdev, Subir, _94789 |
|
| 245 | 1 | 0 | _aQuantum Phase Transitions |
| 260 |
_bCambridge University Press, _c1999. |
||
| 300 |
_axiv, 353 p. : _bill. ; _c27 cm. |
||
| 504 | _aIncludes bibliographical references & index. | ||
| 650 | 0 |
_aQuantum theory. _94791 |
|
| 856 | 4 | 1 |
_3Sample text _uhttp://www.loc.gov/catdir/samples/cam032/99012280.html |
| 856 | 4 | 1 |
_3Table of contents _uhttp://www.loc.gov/catdir/toc/cam023/99012280.html |
| 856 | 4 | 2 |
_3Publisher description _uhttp://www.loc.gov/catdir/description/cam029/99012280.html |
| 906 |
_a7 _bcbc _corignew _d1 _eocip _f19 _gy-gencatlg |
||
| 942 |
_2ddc _cSLOAN |
||
| 999 |
_c1820 _d1820 |
||